Statistics for Countries by words in Official Country Names (1/2)

Click here to take the quiz!

General Stats

  • This quiz has been taken 119 times
  • The average score is 20 of 33

Answer Stats

ANSWER% Correct
United States of America
99%
United States of America
99%
United Arab Emirates
92%
Islamic Republic of Iran
90%
United Kingdom of Great Britain and Northern Ireland
87%
Russian Federation
85%
Commonwealth of Australia
80%
Islamic Republic of Pakistan
77%
Principality of Liechtenstein
76%
Principality of Monaco
76%
United Mexican States
73%
United Mexican States
73%
Federated States of Micronesia
71%
Principality of Andorra
70%
Socialist Republic of Vietnam
67%
Islamic Republic of Afghanistan
63%
State of Kuwait
51%
State of Libya
51%
State of Qatar
50%
Commonwealth of the Bahamas
48%
State of Israel
47%
Republic of the Union of Myanmar
45%
Islamic Republic of Mauritania
44%
United Republic of Tanzania
44%
Democratic Socialist Republic of Sri Lanka
43%
Commonwealth of Dominica
42%
Union of the Comoros
41%
Independent State of Papua New Guinea
40%
Independent State of Samoa
40%
Federation of Saint Christopher and Nevis
33%
Plurinational State of Bolivia
31%
State of Eritrea
29%
Vatican City State
28%

Score Distribution

Percentile by Number Answered

Percent of People with Each Score

Your Score History

You have not taken this quiz